00251nam a22000857a 4500082002000000100002000020245007500040260004100115300000900156 aSNT L12x54 Se75 aThe World Bank  aFiscal decentralization to rural governments in India bBy World Bank  aNew Delhi bOxford Univeristy c2004 a215p